Almanaque Mundial (Record no. 25493)
[ view plain ]
| 000 -LEADER | |
|---|---|
| campo de control de longitud fija | 00614ntaaa2200169 4500 |
| 003 - IDENTIFICADOR DE NÚMERO DE CONTROL | |
| campo de control | 01 |
| 005 - FECHA Y HORA DE LA ÚLTIMA TRANSACCIÓN | |
| campo de control | 20251027203014.0 |
| 008 - DATOS DE LONGITUD FIJA--INFORMACIÓN GENERAL | |
| campo de control de longitud fija | 0714s1973 ag 01 |
| 040 ## - FUENTE DE CATALOGACIÓN | |
| Centro catalogador/agencia de origen | AR-BaBN |
| Lengua de catalogación | spa |
| Centro/agencia transcriptor | AR-BaBN |
| Normas de descripción | aacr |
| Centro/agencia modificador | RIC |
| 082 ## - NÚMERO DE LA CLASIFICACIÓN DECIMAL DEWEY | |
| Número de clasificación | 313.0000 AL6 |
| 245 ## - MENCIÓN DEL TÍTULO | |
| Título | Almanaque Mundial |
| 250 ## - MENCION DE EDICION | |
| Mención de edición | 1 ed. |
| 260 ## - PUBLICACIÓN, DISTRIBUCIÓN, ETC. | |
| Lugar de publicación, distribución, etc. | México : |
| Nombre del editor, distribuidor, etc. | Editoria Moderna, |
| Fecha de publicación, distribución, etc. | 1956-1974 |
| 300 ## - DESCRIPCIÓN FÍSICA | |
| Extensión | 8 tomos |
| 500 ## - NOTA GENERAL | |
| Nota general | Publicado por Selecciones de Readers Digest. En publicación. La biblioteca recibe la edición de cada año. T.1 año 1956: T.2 año 1959: T.3 año 1966: T.4 año 1967: T.5 año 1968: T.6 año 1969: T.7 año 1985: T.8 año 1974 |
| 942 ## - ELEMENTOS DE ENTRADA SECUNDARIOS (KOHA) | |
| Tipo de ítem Koha | Colección General |
| Estatus retirado | Estado de pérdida | Estado de daño | No para préstamo | Biblioteca de origen | Biblioteca actual | Fecha de adquisición | Número de inventario | Total de préstamos | Signatura topográfica completa | Código de barras | Visto por última vez | Precio de reemplazo | Tipo de ítem Koha |
|---|---|---|---|---|---|---|---|---|---|---|---|---|---|
| Biblioteca Pluis | Biblioteca Pluis | 27/10/2025 | 11468 | 313.0000 AL6 | 11468 | 27/10/2025 | 27/10/2025 | REFERENCIA | |||||
| Biblioteca Pluis | Biblioteca Pluis | 27/10/2025 | 11469 | 11469 | 27/10/2025 | 27/10/2025 | Colección General | ||||||
| Biblioteca Pluis | Biblioteca Pluis | 27/10/2025 | 17665 | 17665 | 27/10/2025 | 27/10/2025 | Colección General | ||||||
| Biblioteca Pluis | Biblioteca Pluis | 27/10/2025 | 20473 | 20473 | 27/10/2025 | 27/10/2025 | Colección General | ||||||
| Biblioteca Pluis | Biblioteca Pluis | 27/10/2025 | 23445 | 23445 | 27/10/2025 | 27/10/2025 | Colección General | ||||||
| Biblioteca Pluis | Biblioteca Pluis | 27/10/2025 | 25506 | 25506 | 27/10/2025 | 27/10/2025 | Colección General | ||||||
| Biblioteca Pluis | Biblioteca Pluis | 27/10/2025 | 37367 | 37367 | 27/10/2025 | 27/10/2025 | Colección General | ||||||
| Biblioteca Pluis | Biblioteca Pluis | 27/10/2025 | 37368 | 37368 | 27/10/2025 | 27/10/2025 | Colección General |
